[Event "18th IND-chT Women 2020"]
[Site "Ahmedabad"]
[Date "2020.02.11"]
[Round "5.1"]
[White "Gomes, Mary Ann"]
[Black "Kulkarni Bhakti"]
[Result "1-0"]
[WhiteElo "2344"]
[BlackElo "2404"]
[Annotator "TA"]
[PlyCount "39"]
[EventDate "2020.02.05"]
[EventCountry "IND"]
[SourceTitle "playchess.com"]
[Source "ChessBase"]
[SourceQuality "1"]

{[%evp 23,97,15,13,23,23,-12,43,40,44,44,40,44,97,36,115,115,120,120,120,112,112,127,134,125,192,188,187,193,196,185,192,183,215,190,191,135,140,137,178,172,175,175,177,176,178,175,178,179,182,179,287,283,310,313,708,710,694,686,755,754,756,704,645,611,938,1426,721,825,1433,904,1518,1568,1200,683,29998,29999]} 1. Nf3 d5 2. g3 Nf6 3. Bg2 e6 4. O-O Be7 5. c4 O-O 6. b3 c5 7. e3 Nc6 8. Bb2 b6 9. Qe2 Bb7 10. Rd1 Qc7 11. Nc3 Rad8 12. cxd5 Nxd5 13. Nxd5 {A14: English Opening: 1...e6 with b3 by White.} exd5 {[#]} 14. Rac1 $146 ({Predecessor:} 14. d4 c4 15. bxc4 Ba6 16. Rac1 Na5 17. e4 Bxc4 18. Qc2 Qb7 19. Nd2 Rc8 20. Qa4 Qa6 21. Nxc4 Rxc4 {1-0 (73) Felgaer,R (2564)-Almedina Ortiz,E (2247) Quito 2012}) 14... Nb4 (14... d4 $11) 15. a3 $14 {White is slightly better.} Ba6 16. d3 Nc6 17. Qc2 Qd6 ({Better is} 17... Rfe8 $14) 18. b4 (18. d4 $16) 18... Bb5 (18... Rfe8 $14) 19. bxc5 $16 bxc5 {[#]} 20. d4 {Played: Bb2xg7} 1-0

[Event "18th IND-chT Women 2020"]
[Site "Ahmedabad"]
[Date "2020.02.11"]
[Round "5.1"]
[White "Gomes, Mary Ann"]
[Black "Kulkarni Bhakti"]
[Result "*"]
[WhiteElo "2344"]
[BlackElo "2404"]
[Annotator "TA"]
[PlyCount "42"]
[EventDate "2020.02.05"]
[EventCountry "IND"]
[SourceTitle "playchess.com"]
[Source "ChessBase"]
[SourceQuality "1"]

{[%evp 23,24,22,33]} 1. Nf3 d5 2. g3 Nf6 3. Bg2 e6 4. O-O Be7 5. c4 O-O 6. b3 c5 7. e3 Nc6 8. Bb2 b6 9. Qe2 Bb7 10. Rd1 Qc7 11. Nc3 Rad8 12. cxd5 Nxd5 {[#]} {Predecessor:} 13. Nxd5 $146 {A14: English Opening: 1...e6 with b3 by White.} Rxd5 14. d4 Rd7 15. dxc5 Bxc5 16. Ng5 Rxd1+ 17. Rxd1 Be7 18. Qg4 Bxg5 19. Qxg5 f6 20. Qg4 Qe7 21. Bxc6 Bxc6 {1-0 (48) Matamoros Franco,C (2504)-Mieles Palau,D (2476) Guayaquil 2005} *

[Event "18th IND-chT Women 2020"]
[Site "Ahmedabad"]
[Date "2020.02.11"]
[Round "5.2"]
[White "Tania, Sachdev"]
[Black "Padmini, Rout"]
[Result "1/2-1/2"]
[WhiteElo "2397"]
[BlackElo "2372"]
[Annotator "TA"]
[PlyCount "87"]
[EventDate "2020.02.05"]
[EventCountry "IND"]
[SourceTitle "playchess.com"]
[Source "ChessBase"]
[SourceQuality "1"]

{[%evp 26,87,46,8,10,0,26,0,0,-18,44,51,43,50,31,43,45,10,17,27,235,240,224,160,229,90,122,123,133,66,79,78,62,44,94,0,81,94,154,105,102,65,73,78,122,126,163,163,157,102,133,135,141,139,142,74,72,93,92,69,69,38,28,30]} 1. d4 Nf6 2. c4 e6 3. Nf3 d5 4. Nc3 c5 5. cxd5 Nxd5 6. e4 Nxc3 7. bxc3 cxd4 8. cxd4 Bb4+ 9. Bd2 Bxd2+ 10. Qxd2 O-O 11. Bc4 Nd7 12. O-O b6 13. Rad1 Bb7 14. Rfe1 Rc8 {D41: Queen's Gambit Declined: Semi-Tarrasch with 5 cxd5.} 15. Bb3 h6 16. Qf4 Qc7 {The position is equal.} 17. Qh4 {[#]} b5 $146 (17... Rfe8 $11) ({Predecessor:} 17... Rfd8 18. h3 b5 19. d5 exd5 20. e5 Re8 21. Qh5 a5 22. Rd4 a4 23. Bd1 Re6 {½-½ (44) Kovalenko,I (2700)-Kramnik,V (2777) Berlin 2015}) 18. d5 $14 Nc5 19. Nd4 {[%cal Rd5e6]} Nxb3 20. axb3 Qb6 21. Qg4 {[%cal Rd5e6]} Rcd8 22. Re3 Kh7 $2 (22... Kh8 $11) 23. Rg3 $1 $18 {[%csl Gg3][%cal Rg4g7]} Rg8 24. Nf3 $1 {[%cal Rf3g5] aiming for Ng5+!} f6 {[#]} (24... Qc7 $16) 25. Qg6+ (25. Nd4 $1 $18 {[%cal Rd4e6]} Bc8 26. Nc6) 25... Kh8 $16 {[%cal Re6d5]} 26. Rh3 {Rxh6+! would kill now.} Qc7 27. Nd4 (27. d6 $16) 27... Bc8 $14 28. Nxb5 Qf4 {With the idea ...exd5.} 29. Rf3 $40 {[%mdl 128] White has some attack.} Qe5 {[%cal Re6d5]} 30. Nxa7 ({Better is} 30. Nc3 $16) 30... exd5 {[#]} (30... Bb7 $11) 31. Nc6 $1 $16 {[%cal Rc6e5]} Qe8 (31... Qxe4 $142 32. Qxe4 dxe4 33. Nxd8 exf3) 32. Rxf6 Rd7 33. Re6 ({And not} 33. exd5 gxf6 34. Qxh6+ Rh7 $15) (33. Qxe8 {is more complex.} Rxe8 34. Rf4 dxe4 35. Rxd7 Bxd7 36. Nd4) 33... Qxg6 34. Rxg6 dxe4 {[%cal Rd7d1]} 35. Rgd6 Rb7 36. b4 Kh7 37. R1d4 (37. h3 $142) 37... Bf5 38. h3 Ra8 39. g4 Bg6 40. Na5 (40. Ne5 $142 e3 41. fxe3 (41. Nxg6 e2 $15)) 40... Rf7 41. Rd8 Ra6 42. R4d6 Raa7 $1 43. Nc6 Ra1+ 44. Rd1 $1 {Accuracy: White = 61%, Black = 57%.} 1/2-1/2

[Event "18th IND-chT Women 2020"]
[Site "Ahmedabad"]
[Date "2020.02.11"]
[Round "5.3"]
[White "Soumya, Swaminathan"]
[Black "Vijayalakshmi, Subbaraman"]
[Result "1-0"]
[WhiteElo "2369"]
[BlackElo "2331"]
[Annotator "TA"]
[PlyCount "51"]
[EventDate "2020.02.05"]
[EventCountry "IND"]
[SourceTitle "playchess.com"]
[Source "ChessBase"]
[SourceQuality "1"]

{[%evp 17,51,0,13,11,61,27,43,39,62,31,50,52,110,104,130,136,133,130,129,139,131,125,206,178,257,256,394,396,411,406,490,490,490,486,487,481]} 1. d4 Nf6 2. c4 e6 3. Nf3 b6 4. a3 Bb7 5. Nc3 d5 6. cxd5 Nxd5 7. e3 Be7 8. Bb5+ c6 9. Bd3 Nd7 10. e4 {E12: Queen's Indian: Unusual White 4th moves, 4 a3, 4 Nc3 Bb7 5 a3 and 4 Nc3 Bb7 .} Nc7 11. O-O O-O {[#]} 12. Bf4 $146 {White is slightly better.} ({Predecessor:} 12. Qe2 c5 13. Rd1 cxd4 14. Nxd4 Bc5 15. Ndb5 a6 16. Nxc7 Qxc7 17. Bg5 Bd6 18. g3 {1-0 (28) Paprocki,A (1896)-Kowalczuk,W (2144) Poland 2013}) 12... c5 13. Bc2 cxd4 14. Qxd4 {Rfd1 is the strong threat.} Ne8 (14... Qc8 $14) 15. Rfd1 $36 {[%mdl 2048] White is on the roll.} Ndf6 16. Qe3 Qc8 17. h3 Nc7 18. Rac1 Rd8 19. Nd4 Nfe8 (19... Bc5 $16 20. b4 Bxd4 21. Rxd4 Nce8) 20. b4 Nd6 (20... Bd6 $142) 21. Bb3 $18 Qb8 {[#]} (21... Bf8 {was worth a try.} 22. Qg3 g6) 22. Ncb5 $1 {[%mdl 512]} Ncxb5 23. Nxb5 {[%mdl 64] Pin} a6 24. Nxd6 {White is clearly winning.} Bxd6 25. Rxd6 Rxd6 {[#]} 26. Qg3 $1 {Accuracy: White = 93%, Black = 39%.} 1-0

[Event "18th IND-chT Women 2020"]
[Site "Ahmedabad"]
[Date "2020.02.11"]
[Round "5.4"]
[White "Meenakshi Subbaraman"]
[Black "Mohota, Nisha"]
[Result "1/2-1/2"]
[WhiteElo "2162"]
[BlackElo "2191"]
[Annotator "ChessBase"]
[PlyCount "63"]
[EventDate "2020.02.05"]
[EventCountry "IND"]
[SourceTitle "playchess.com"]
[Source "ChessBase"]
[SourceQuality "1"]
[TimeControl "5400+30"]

1. d4 Nf6 2. Nf3 d5 3. g3 Bf5 4. Bg2 e6 5. Nbd2 h6 6. O-O Be7 7. c4 c6 8. b3 O-O 9. Bb2 a5 10. Ne5 a4 11. Bc3 a3 12. Re1 Na6 13. e4 Bh7 14. exd5 exd5 15. c5 Bxc5 16. dxc5 d4 17. Ne4 Bxe4 18. Qxd4 Bxg2 19. Kxg2 Qxd4 20. Bxd4 Rfd8 21. Nf3 Rd5 22. Rac1 Nd7 23. Rc4 Naxc5 24. Rec1 Ne6 25. Be3 c5 26. R4c2 f5 27. Rd2 Rxd2 28. Nxd2 Ne5 29. Rc3 b6 30. Nb1 Nc6 31. Rc2 Ned4 32. Rd2 1/2-1/2

[Event "18th IND-chT Women 2020"]
[Site "Ahmedabad"]
[Date "2020.02.11"]
[Round "5.5"]
[White "Priyanka Nutakki"]
[Black "Harshini A"]
[Result "1-0"]
[WhiteElo "2212"]
[BlackElo "2194"]
[Annotator "TA"]
[PlyCount "73"]
[EventDate "2020.02.05"]
[EventCountry "IND"]
[SourceTitle "playchess.com"]
[Source "ChessBase"]
[SourceQuality "1"]

{[%evp 17,73,-8,17,17,33,29,23,21,19,14,38,52,32,25,35,29,39,33,37,-64,91,89,75,70,95,97,199,193,273,279,359,350,356,349,696,666,660,607,608,574,555,454,427,276,808,802,2501,2239,29975,29976,29974,29975,29980,29981,29980,29981,29977,29976]} 1. c4 e5 2. g3 Nf6 3. Bg2 d5 4. cxd5 Nxd5 5. Nc3 Nxc3 6. bxc3 Bc5 7. Nf3 Nc6 8. d3 O-O 9. O-O h6 10. Bb2 {A29: English Opening: Four Knights Variation with 4 g3.} Bb6 {[#]} 11. Qc2 $146 ({Predecessor:} 11. c4 Qe7 12. Nd2 Bd7 13. Ne4 Nd8 14. a4 c6 15. Ba3 c5 16. a5 f5 17. axb6 fxe4 18. bxa7 exd3 19. Qxd3 {1-0 (27) Koehler,I (1979)-Freter,A (1873) chess24.com 2019}) 11... Qe7 12. a4 {White has an edge.} Rd8 13. Nd2 Na5 14. c4 Bg4 15. Ne4 {Hoping for c5.} f5 16. Ba3 Qe8 17. Nc5 c6 18. Rab1 (18. Rfb1 $14) 18... Rab8 $2 (18... Qe7 $15 {stays ahead.} 19. Bb4 Bxc5 20. Bxa5 Rd7) 19. Bb4 $36 {[%mdl 2048] White is on the roll.} Qf7 20. Rb2 f4 21. Ne4 f3 {[#]} (21... c5 $16 22. Bc3 (22. Bxc5 Bxc5 23. Nxc5 b6 $16) (22. Nxc5 Nc6 $16) 22... Nc6) 22. exf3 $1 $18 Bxf3 {[#]} (22... Be6 $142 23. Re1 Bc7) 23. Nd6 $1 {[%cal Rd6f7]} Qh5 24. c5 {[%cal Bc4c5,Bc5d6,Bd6d7][%mdl 32]} Rxd6 25. cxd6 c5 $2 (25... Bxg2 26. Kxg2 Qf7) 26. Bxa5 Bxa5 27. Qxc5 Bb6 28. Qc4+ Kh7 29. d7 Rd8 30. Qc8 Qf5 $2 {[#]} (30... Bxg2 31. Kxg2 Qf5) 31. Bxf3 $1 {[%mdl 512] Intending Be4! and mate.} Qxf3 {[#]} 32. Rxb6 $1 Qf8 {[#]} (32... axb6 33. Qxd8) 33. Qxd8 $3 {White mates.} Qxd8 34. Rd6 e4 35. dxe4 Kg8 36. Rc1 Kf7 37. Rc8 {Accuracy: White = 87%, Black = 48%.} 1-0

[Event "18th IND-chT Women 2020"]
[Site "Ahmedabad"]
[Date "2020.02.11"]
[Round "5.6"]
[White "Michelle Catherina, P."]
[Black "Aakanksha Hagawane"]
[Result "*"]
[WhiteElo "2175"]
[BlackElo "2230"]
[Annotator "TA"]
[PlyCount "42"]
[EventDate "2020.02.05"]
[EventCountry "IND"]
[SourceTitle "playchess.com"]
[Source "ChessBase"]
[SourceQuality "1"]

{[%evp 14,42,0,-5,-15,-20,-13,-24,-17,-50,-15,-39,-40,-37,-11,-43,0,-15,0,-27,0,-33,-23,-34,-36,-154,-7,-4,-6,-25,-12]} 1. e4 e6 2. d4 d5 3. exd5 exd5 4. c4 Bb4+ 5. Nc3 Nf6 6. Bd3 dxc4 7. Bxc4 O-O 8. Nge2 Nbd7 {[%cal Bb8d7,Bd7b6,Bb6d5][%mdl 32] C01: French: Exchange Variation.} 9. a3 Bd6 10. Bg5 Nb6 {[#]} 11. Ba2 $146 ({Predecessor:} 11. Bd3 Re8 12. Qc2 h6 13. Bh4 Be6 14. Nb5 Bd5 15. Nxd6 Qxd6 16. f3 Qe6 17. Rc1 {½-½ (75) Miezis,N (2452)-Sveshnikov,V (2383) Liepaja 2017}) 11... Bf5 12. Qd2 h6 13. Bf4 Rc8 14. f3 Be7 15. O-O Nbd5 16. Kh1 Qd7 17. Be3 Rcd8 18. Ng3 Bg6 19. Nce4 ({White should try} 19. Bf2 $15) 19... Nh5 (19... Nxe3 $17 20. Qxe3 Qxd4) 20. Nxh5 $11 Bxh5 21. Rac1 c6 {Accuracy: White = 53%, Black = 50%.} *

[Event "18th IND-chT Women 2020"]
[Site "Ahmedabad"]
[Date "2020.02.11"]
[Round "5.6"]
[White "Michelle Catherina, P."]
[Black "Aakanksha Hagawane"]
[Result "1/2-1/2"]
[WhiteElo "2175"]
[BlackElo "2230"]
[Annotator "TA"]
[PlyCount "68"]
[EventDate "2020.02.05"]
[EventCountry "IND"]
[SourceTitle "playchess.com"]
[Source "ChessBase"]
[SourceQuality "1"]

{[%evp 14,68,10,-8,-8,-19,-20,-16,-12,-40,-8,-28,-28,-36,-41,-44,-9,-18,0,-23,-12,-33,-18,-35,-28,-29,0,0,0,-6,0,-4,0,-8,13,0,0,0,0,-1157,-187,-205,-212,-358,-35,-54,10,8,31,24,17,-27,0,0,0,0,0]} 1. e4 e6 2. d4 d5 3. exd5 exd5 4. c4 Bb4+ 5. Nc3 Nf6 6. Bd3 dxc4 7. Bxc4 O-O 8. Nge2 Nbd7 {C01: French: Exchange Variation.} 9. a3 Bd6 10. Bg5 Nb6 {[#]} 11. Ba2 $146 ({Predecessor:} 11. Bd3 Re8 12. Qc2 h6 13. Bh4 Be6 14. Nb5 Bd5 15. Nxd6 Qxd6 16. f3 Qe6 17. Rc1 {½-½ (75) Miezis,N (2452)-Sveshnikov,V (2383) Liepaja 2017}) 11... Bf5 12. Qd2 h6 13. Bh4 Re8 14. f3 Be7 15. O-O Nbd5 16. Kh1 Qd7 17. Bf2 Rad8 18. Ng3 Bg6 19. Nce4 Nh5 20. Nxh5 Bxh5 21. Rac1 c6 22. Qa5 Kh8 23. Rfe1 f6 24. Nc5 Bxc5 $1 25. dxc5 Nf4 {aiming for ...Bxf3!} 26. Bh4 $2 {[%mdl 8192] [#]} (26. Bc4 $11) 26... g5 $2 (26... Bxf3 $1 {[%mdl 512]} 27. Kg1 (27. gxf3 Qh3) 27... Nxg2 {[%mdl 64] Double Attack} 28. Rxe8+ Rxe8) 27. Bg3 Ne2 28. Ra1 {[#]} (28. Bd6 {was worth a try.} b6 29. Qa6 Nxc1 30. Rxc1) 28... Qd3 $2 (28... Bxf3 $1 $19 {[%mdl 512]} 29. gxf3 Nxg3+ 30. Kg2 Ne2) 29. Rf1 $15 ({Wrong is} 29. Qxa7 $2 {[#]} Bxf3 $1 {[%mdl 512]} 30. Qa4 Qf5 $19) 29... Qb5 (29... Nxg3+ $15 30. hxg3 Qd2) 30. Qxb5 $11 Nxg3+ 31. hxg3 cxb5 32. Rf2 Kg7 33. Rc1 Bf7 34. Bxf7 Kxf7 {Accuracy: White = 76%, Black = 57%.} 1/2-1/2

[Event "18th IND-chT Women 2020"]
[Site "Ahmedabad"]
[Date "2020.02.11"]
[Round "5.7"]
[White "Nandhidhaa, P V"]
[Black "Vaishali R"]
[Result "0-1"]
[WhiteElo "2339"]
[BlackElo "2382"]
[Annotator "TA"]
[PlyCount "70"]
[EventDate "2020.02.05"]
[EventCountry "IND"]
[SourceTitle "playchess.com"]
[Source "ChessBase"]
[SourceQuality "1"]

{[%evp 19,80,17,12,12,35,0,0,-22,0,-48,-26,-35,-31,-62,-71,-74,-81,-81,-75,-78,-70,-81,-81,-77,-79,-126,-135,-143,-154,-175,-168,-173,-164,-383,-366,-377,-380,-356,-336,-309,-116,-168,-171,-267,-183,-532,-530,-529,-507,-1014,-1012,-981,-975,-970,-968,-955,-929,-29985,-29986,-29996,-29991,-29992,-29991]} 1. e4 c5 2. Nf3 Nc6 3. d4 cxd4 4. Nxd4 Nf6 5. Nc3 d6 6. Bc4 Qb6 7. Nb3 e6 8. Bf4 Ne5 9. Be2 Bd7 10. Be3 Qc7 11. Qd4 {B57: Classical Sicilian: Sozin with 6...Qb6.} a6 {[#]} 12. Bg5 $146 ({Predecessor:} 12. f4 Ng6 13. O-O-O Be7 14. g4 e5 15. Qd2 Bc6 16. Nd5 Bxd5 17. exd5 exf4 18. Bxf4 O-O {0-1 (49) Kupreichik,V (2529)-Damljanovic,B (2587) Istanbul 2003}) 12... Be7 13. f4 {The position is equal.} Nc6 14. Qe3 h6 15. Bh4 b5 16. a3 Ng4 $36 {[%mdl 2048] Black is on the roll.} 17. Bxg4 Bxh4+ 18. g3 Bf6 19. O-O O-O 20. Rad1 b4 21. axb4 Nxb4 22. Rd2 Rab8 23. Nc1 {[#]} d5 $1 {[%cal Rd5d4][%mdl 512] Strongly threatening ...d4.} 24. exd5 exd5 25. Bxd7 d4 $1 {[%cal Rd4e3]} 26. Qf2 $2 (26. Rxd4 $2 Nxc2 27. Rc4 Qxc4 $19) (26. Qe4) 26... dxc3 $19 27. bxc3 Bxc3 28. Rdd1 {[#]} Nxc2 $1 {[%mdl 512]} 29. Ba4 {[#]} ({But not} 29. Qxc2 $2 Bd4+ $1 {[%mdl 512]} 30. Rxd4 Qxc2 $19) 29... Nb4 $2 (29... Rb2 $1 $19 {is more deadly.} 30. Bxc2 {[#]} Rxc2 $1 {[%mdl 512]}) 30. Ne2 (30. Qf3 $17) 30... Bf6 31. Rd7 (31. Rd2 $142) 31... Qc4 {...Nd3 is the strong threat.} 32. Rc1 $2 (32. Qf3 {nothing else works.}) 32... Qa2 33. Bd1 Rbd8 34. Qa7 (34. Rxd8 $142 Rxd8 35. Qe3) 34... Nd3 {Threatens to win with ...Rxd7.} 35. Rc2 Qa5 {Played: Qa2-b1} 0-1

[Event "18th IND-chT Women 2020"]
[Site "Ahmedabad"]
[Date "2020.02.11"]
[Round "5.7"]
[White "Nandhidhaa, P V"]
[Black "Vaishali R"]
[Result "*"]
[WhiteElo "2339"]
[BlackElo "2382"]
[Annotator "TA"]
[PlyCount "29"]
[EventDate "2020.02.05"]
[EventCountry "IND"]
[SourceTitle "playchess.com"]
[Source "ChessBase"]
[SourceQuality "1"]

{[%evp 11,29,18,35,-391,-55,-428,-66,-113,-51,-60,0,-754,-31,-791,-109,-1263,-65,-237,-177,-294]} 1. e4 c5 2. Nf3 Nc6 3. d4 cxd4 4. Nxd4 Nf6 5. Nc3 d6 6. Bc4 Qb6 {[#]} 7. Nb1 $146 {[%mdl 8192] [#] B57: Classical Sicilian: Sozin with 6...Qb6.} (7. Nb3 $14 {keeps the upper hand.}) ({Predecessor:} 7. Nxc6 bxc6 8. O-O g6 9. Qe1 Qc7 10. Bf4 Nh5 11. Bg5 Bg7 12. Rd1 O-O 13. b3 e6 14. Be2 Nf6 15. Bf4 e5 16. Bg5 Be6 {½-½ (64) Ivanchuk,V (2684)-Maghsoodloo,P (2656) Leon 2019}) 7... e6 $2 (7... Qxd4 $19 8. Qxd4 Nxd4) 8. Bf4 $2 {[%mdl 8192]} (8. Nxc6 $15 bxc6 9. Bd3) 8... Ne5 $2 ({Don't do} 8... Qxd4 9. Qxd4 Nxd4 10. Bd3 $19) ({Black should play} 8... Nxd4 $19 9. Be3 Qb4+ {[%mdl 64] Double Attack} 10. Nd2 Qxb2) 9. Be2 {Black is slightly better.} Bd7 (9... Nxe4 $17 10. Nc3 Nxc3 11. bxc3 a6) 10. Be3 $15 Qc7 ({But not} 10... Qxb2 $6 11. Nb3 $14) (10... Nxe4 $15 11. Nd2 Nxd2 12. Qxd2 d5) 11. Qd3 $2 {[%mdl 8192] [#]} (11. Nd2 $11) 11... a6 $2 (11... Nxd3+ $19 12. cxd3 d5) 12. Bg5 $2 {[%mdl 8192]} (12. Qc3 $15 Rc8 13. Qxc7 Rxc7 14. Nc3) 12... Be7 $2 (12... Nxd3+ $19 {and Black stays clearly on top.} 13. cxd3 h6) 13. f4 $2 {[%mdl 8192]} (13. Qe3 $17) 13... Nc6 $2 (13... Nxd3+ $19 14. Bxd3 Qb6 {[%mdl 64] Double Attack}) 14. Qe3 $2 ({Better is} 14. Nc3 $15) 14... h6 15. Bh4 {Accuracy: White =  8%, Black = 11%.} (15. Nxc6 {was worth a try.} hxg5 16. Nxe7 gxf4 17. Qf3) *

[Event "18th IND-chT Women 2020"]
[Site "Ahmedabad"]
[Date "2020.02.11"]
[Round "5.8"]
[White "Mahalakshmi, M."]
[Black "Srija, Seshadri"]
[Result "0-1"]
[WhiteElo "2255"]
[BlackElo "2205"]
[Annotator "TA"]
[PlyCount "90"]
[EventDate "2020.02.05"]
[EventCountry "IND"]
[SourceTitle "playchess.com"]
[Source "ChessBase"]
[SourceQuality "1"]

{[%evp 18,90,7,0,46,2,-7,4,-4,-21,-4,-22,0,-29,-33,-37,-38,-31,-33,-33,18,-12,34,37,43,33,52,-14,0,0,0,0,0,-31,-16,-142,-135,-330,-329,-326,-317,-341,-342,-317,-346,-341,-305,-272,-244,-234,-242,-240,-228,-516,-418,-553,-443,-387,-173,-173,-173,-385,-372,-29986,-29987,-29987,-29988,-29988,-29989,-29989,-29990,-29990,-29991,-29996,-29996]} 1. d4 d5 2. c4 e6 3. Nc3 c6 4. Nf3 Nf6 5. e3 Nbd7 6. Qc2 Bd6 7. Bd3 O-O 8. O-O dxc4 9. Bxc4 b5 10. Be2 Qe7 {D46: Semi-Slav: 5 e3 Nbd7 6 Bd3, Black avoids the Meran.} 11. Ne4 Nxe4 $1 12. Qxe4 Bb7 {The position is equal.} 13. Bd2 a6 14. Rac1 {[#]} e5 $146 ({Predecessor:} 14... f5 15. Qh4 Qxh4 16. Nxh4 g5 17. Nf3 g4 18. Ne1 c5 19. dxc5 Nxc5 20. Nc2 Rac8 {½-½ (38) Malakhov,V (2692)-Bocharov,D (2647) Budva 2009}) 15. dxe5 Nxe5 16. Nxe5 c5 17. Qf5 Bxe5 18. Bc3 $1 Bd6 ({Black should try} 18... Bxc3 $15 19. Rxc3 c4) 19. Bd3 {[%csl Gd3][%cal Rf5h7]} Qh4 {[%csl Gd6][%cal Rh4h2]} 20. g3 Qh6 21. Rfd1 $1 Rad8 22. Be4 (22. Ba5 $14 Bc8 23. Qf3) 22... Bc8 $11 23. Qf3 b4 24. Be1 Qh3 {With the idea ...Bg4.} 25. Rd3 a5 $36 {[%mdl 2048] Black fights for an advantage.} 26. Bd5 {[#]} (26. b3 $11 {remains equal.}) 26... Ba6 $1 $17 {[%cal Ra6d3]} 27. Bc4 $2 (27. e4 $17) 27... Bxc4 $19 28. Rxc4 Bxg3 $1 {[%mdl 64] Discovered Attack} 29. hxg3 Rxd3 30. Rxc5 {[#]} Qd7 $1 31. Rxa5 Rd1 32. Qe2 Rd8 33. Kh2 Qc6 {Strongly threatening ...g6.} 34. e4 R1d4 35. f3 $2 (35. Rd5 {was worth a try.}) 35... h5 {White must now prevent ...Qc1.} 36. Rxh5 Rc4 {Threatens to win with ...Rc2.} 37. Kh3 Rc2 (37... Rc1 $142 {...Rdd1 is the strong threat.} 38. g4 Rc2) 38. Qb5 Qf6 {[%mdl 1024] Black has strong compensation.} 39. Rf5 $2 (39. Qg5 Qxg5 40. Rxg5 Rxb2 41. Rb5) 39... Qe6 {And now ...g6 would win.} 40. g4 $2 (40. Qe5 $19 Qc8 41. Bxb4) 40... Qh6+ {Black mates.} 41. Rh5 Qf4 {[%csl Gc2][%cal Rf4h2]} 42. Bg3 Qxf3 43. Kh4 Qh1+ 44. Kg5 Qxe4 45. Qf5 f6+ {Accuracy: White = 46%, Black = 80%.} 0-1

[Event "18th IND-chT Women 2020"]
[Site "Ahmedabad"]
[Date "2020.02.11"]
[Round "5.10"]
[White "Anjitha Krishnakumar"]
[Black "Swati Ghate"]
[Result "0-1"]
[WhiteElo "1444"]
[BlackElo "2136"]
[Annotator "TA"]
[PlyCount "88"]
[EventDate "2020.02.05"]
[EventCountry "IND"]
[SourceTitle "playchess.com"]
[Source "ChessBase"]
[SourceQuality "1"]

{[%evp 12,88,52,45,55,45,58,21,40,11,36,29,34,30,41,41,47,42,41,41,58,41,53,41,41,41,41,41,41,0,42,7,60,43,83,46,102,70,88,51,66,58,64,0,0,2,0,12,8,16,93,66,77,71,93,93,58,22,31,-128,-133,-199,-195,-178,-150,-125,-102,-111,-135,-494,-492,-470,-456,-826,-1035,-1035,-1009,-868,-546]} 1. e4 c5 2. Nf3 e6 3. c4 b6 4. d4 cxd4 5. Nxd4 Bb7 6. Nc3 a6 7. Bd3 Qc7 {A34: Symmetrical English: 2 Nc3, lines with ...d5.} 8. O-O Nf6 9. Kh1 Be7 {The position is equal.} 10. Qe2 d6 11. f3 Nbd7 12. Be3 O-O {[#]} 13. Rac1 $146 ({Predecessor:} 13. Qf2 Ne5 14. Qe2 Rac8 15. b3 Nxd3 16. Qxd3 b5 17. Rac1 bxc4 18. Qb1 d5 19. b4 e5 {0-1 (19) Chernov,V (2092)-Kornilov,P (2060) Voronezh 2008}) 13... Rac8 14. b3 Qb8 15. Qf2 Bd8 16. Rfd1 Bc7 17. g3 Rfe8 18. Kg1 h6 19. Bf1 Ne5 20. Bg2 Ba8 (20... b5 $5) 21. Kh1 Rcd8 (21... b5 $11) 22. Qc2 Re7 23. Bg1 Ng6 (23... Rc8 $14) 24. f4 Bb7 25. Re1 Qa8 26. Rcd1 Rc8 27. Rc1 (27. a4 $14) 27... b5 28. cxb5 {White wants to play Nc6!} Ba5 29. Nc6 Bxc6 30. bxc6 {Black must now prevent e5.} e5 (30... Rec7 $11 31. e5 dxe5) 31. f5 Rxc6 {[#]} 32. Qb2 $1 Rec7 {[%cal Ra5c3]} 33. b4 Qb8 34. a3 ({Don't play} 34. fxg6 Qxb4 35. gxf7+ Kxf7 $11) 34... Ne7 35. Qa1 $2 (35. Na4 $14 {keeps the upper hand.} Rxc1 36. Rxc1) 35... Bb6 $17 36. Na4 (36. Nd5 $17 Nexd5 37. Rxc6 Rxc6 38. exd5) 36... Bxg1 $19 37. Rxg1 Ng4 {[%cal Rg4f2] [#]} 38. Bf3 Nf2+ 39. Kg2 Rc2 40. Rxc2 $4 {[%mdl 8192]} (40. Nc5 $17 {nothing else works.} Ng4+ 41. Rxc2 Ne3+ {[%mdl 64] Double Attack} 42. Kh1 Nxc2 43. Nxa6) 40... Rxc2 {Black is clearly winning.} 41. Rc1 Rd2 42. Kg1 (42. Re1 $142 Nxe4+ 43. Re2) 42... Qa7 {( -> ...Nh3+!)} 43. Nc5 dxc5 44. bxc5 Nc6 {Played: Nf2-d3} 0-1

[Event "18th IND-chT Women 2020"]
[Site "Ahmedabad"]
[Date "2020.02.11"]
[Round "5.11"]
[White "Anagha Yardi"]
[Black "Sheena, E.."]
[Result "0-1"]
[WhiteElo "1154"]
[BlackElo "1731"]
[Annotator "NA RC"]
[PlyCount "78"]
[EventDate "2020.02.05"]
[EventCountry "IND"]
[SourceTitle "playchess.com"]
[Source "ChessBase"]
[SourceQuality "1"]
[TimeControl "5400+30"]

1. d4 g6 2. c4 Bg7 3. Nc3 Nf6 4. Nf3 d6 5. e4 Nbd7 6. h3 e5 7. Be3 O-O 8. Bd3 c6 9. d5 cxd5 10. cxd5 Nh5 11. Qd2 a6 12. Bh6 Nc5 13. Bc2 Re8 14. Bxg7 Kxg7 15. b4 Nd7 16. Ne2 Nb6 17. a4 Bd7 18. Bb3 Rc8 19. Qe3 f5 20. Nd2 fxe4 21. Qxe4 Bf5 22. Qe3 Nf6 23. g4 Bc2 24. a5 Bxb3 25. Qxb3 Na8 26. O-O Nc7 27. Nc3 Rf8 28. Nde4 Nxe4 29. Nxe4 Nb5 30. Kg2 Rf4 31. f3 Nd4 32. Qd3 Rc2+ 33. Nd2 Qc8 34. Rf2 Rc3 35. Qf1 Nc2 36. Kg3 Nxa1 37. Qxa1 Rxb4 38. Qe1 Rc1 39. Qe3 Rg1+ 0-1